000 00616nam a2200217Ia 4500
003 OSt
005 20220923221713.0
006 a|||||r|||| 00| 0
007 ta
008 220922b |||||||| |||| 00| 0 hin d
024 _a199,491
037 _cTextual
040 _aARTS
_cARTS
_bhin
041 _2hin
_ahin
082 _aQ1:9, 152J9
100 _aअग्रवाल, वासुदेवशरण
_9156285
245 0 _aवेद विधा
246 _aVed vidhā
942 _hQ1:9, 152J9
_cTEXL
_2CC
999 _c351231
_d351231